000 00289nam a22001337a 4500
020 _a81-7862-449-4
082 _a920
_bGUH/S
100 _aGUHA ,ANURADHA
245 _aSAROJINI NAIDU
260 _aNEW DELHI
_bSTERLING PRESS
300 _a63
650 _aBIOGRAPHY
_zNEW DELHI
942 _cBK
999 _c6293
_d6293